Horizontes de la persona

Shranjeno v:
Bibliografske podrobnosti
Glavni avtor: Jagu, A (Author)
Format: Knjiga
Jezik:španščina
Izdano: Barcelona Herder 1968
Teme:
Oznake: Označite
Brez oznak, prvi označite!

MARC

LEADER 00000nam a2200000 a 4500
001 UCG1851
003 CL-VaPUC
008 100520e19680000SP |||||||||||||||||spa|d
082 0 4 |a 155.2  |b JAG  |2 21 
100 0 |a Jagu, A  |e author  |9 549931 
245 1 0 |a Horizontes de la persona 
300 |a 358 p 
942 |c BK 
945 |d 20100520 00:00:00  |a dcastane 
260 |a Barcelona  |b Herder  |c 1968 
650 0 |a Psicología del desarrollo  |9 307541 
650 0 |a Identidad   |9 336178 
650 0 |a Aspectos sociales  |9 254894 
650 0 |a Personalidad   |9 307255 
583 |a last modification  |c 20130101 10:32:22  |k Rodrigo Vera 
999 |c 341109  |d 341107 
952 |0 0  |1 0  |4 0  |6 155_200000000000000_JAG_1968  |7 0  |8 P  |9 436388  |a BIBEDU  |b BIBEDU  |c BIBEDU_PB  |d 2019-11-22  |i 4678621  |o 155.2 JAG 1968  |p 4678621  |r 2024-01-25  |w 2019-11-22  |y BK  |k EPE